00389nam a2200121Ia 4500008004100000020001500041050002100056100002300077245007300100260006600173300002100239521000700260140529s9999 xx 000 0 und d a9710866818 aT 11b.M266 2007 aManalo, Paterna E. aTechnical report writing /cPaterna E. Manalo, Virginia E. Fermin aMandaluyong City, Philippines :bNational Book Store,cc2007. a205 p. ;c26 cm. aGE